[Event "DVM U16 2021"]
[Site "Kiel GER"]
[Date "2022.07.23"]
[Round "2"]
[White "Andrade, Ruben"]
[Black "Stark, Raphael"]
[Result "1-0"]
[Termination "normal"]
[Board "6.2"]
[WhiteElo "1614"]
[BlackElo "1667"]
[WhiteClock "00:37:55"]
[BlackClock "01:11:23"]
[WhiteTeam "TV Tegernsee"]
[BlackTeam "SC Ansbach 1855 e.V."]
[PlyCount "57"]
[WhiteFideId "16246829"]
[BlackFideId "16230043"]
[EventCountry "GER"]
[EventRounds "7"]
[EventType "team-swiss"]
[EventDate "2022.07.22"]

1. e4 {[%clk 01:30:57]} {[%emt 00:00:02]} e5 {[%clk 01:30:51]} {[%emt
00:00:10]} 2. Nf3 {[%clk 01:31:24]} {[%emt 00:00:03]} Nf6 {[%clk 01:31:13]}
{[%emt 00:00:08]} 3. Nxe5 {[%clk 01:31:46]} {[%emt 00:00:08]} d6 {[%clk
01:31:35]} {[%emt 00:00:08]} 4. Nf3 {[%clk 01:32:05]} {[%emt 00:00:12]} Nxe4
{[%clk 01:31:51]} {[%emt 00:00:13]} 5. Nc3 {[%clk 01:31:51]} {[%emt 00:00:44]}
Nxc3 {[%clk 01:31:31]} {[%emt 00:00:50]} 6. dxc3 {[%clk 01:32:16]} {[%emt
00:00:05]} Be7 {[%clk 01:30:31]} {[%emt 00:01:31]} 7. Be3 {[%clk 01:32:11]}
{[%emt 00:00:34]} Nc6 {[%clk 01:30:26]} {[%emt 00:00:35]} 8. Qd2 {[%clk
01:31:38]} {[%emt 00:01:02]} Bf5 {[%clk 01:28:26]} {[%emt 00:02:31]} 9. O-O-O
{[%clk 01:27:10]} {[%emt 00:04:57]} Qd7 {[%clk 01:27:22]} {[%emt 00:01:34]} 10.
Bc4 {[%clk 01:17:21]} {[%emt 00:10:19]} Na5 {[%clk 01:24:28]} {[%emt 00:03:25]}
11. Bxf7+ {[%clk 01:12:48]} {[%emt 00:05:03]} Kxf7 {[%clk 01:22:51]} {[%emt
00:02:07]} 12. Qd5+ {[%clk 01:12:53]} {[%emt 00:00:25]} Be6 {[%clk 01:21:39]}
{[%emt 00:01:41]} 13. Qxa5 {[%clk 01:10:56]} {[%emt 00:02:28]} Bf6 {[%clk
01:20:41]} {[%emt 00:01:28]} 14. Bg5 {[%clk 01:04:00]} {[%emt 00:07:24]} b6
{[%clk 01:16:50]} {[%emt 00:04:22]} 15. Qb4 {[%clk 01:02:54]} {[%emt 00:01:37]}
a5 {[%clk 01:15:35]} {[%emt 00:01:45]} 16. Qf4 {[%clk 01:01:59]} {[%emt
00:01:25]} h6 {[%clk 01:14:20]} {[%emt 00:01:46]} 17. Bxf6 {[%clk 01:01:05]}
{[%emt 00:01:23]} gxf6 {[%clk 01:14:35]} {[%emt 00:00:14]} 18. Ne5+ {[%clk
01:00:50]} {[%emt 00:00:46]} dxe5 {[%clk 01:14:27]} {[%emt 00:00:38]} 19. Rxd7+
{[%clk 01:01:18]} {[%emt 00:00:03]} Bxd7 {[%clk 01:14:42]} {[%emt 00:00:14]}
20. Qc4+ {[%clk 01:01:08]} {[%emt 00:00:40]} Kg6 {[%clk 01:14:27]} {[%emt
00:00:45]} 21. Qxc7 {[%clk 01:00:03]} {[%emt 00:01:34]} Be6 {[%clk 01:14:15]}
{[%emt 00:00:42]} 22. Qxb6 {[%clk 00:59:09]} {[%emt 00:01:24]} Bxa2 {[%clk
01:14:17]} {[%emt 00:00:28]} 23. Rd1 {[%clk 00:42:26]} {[%emt 00:17:14]} Bc4
{[%clk 01:13:04]} {[%emt 00:01:43]} 24. Qc6 {[%clk 00:37:37]} {[%emt 00:05:18]}
Rhc8 {[%clk 01:11:36]} {[%emt 00:02:00]} 25. Qe4+ {[%clk 00:37:19]} {[%emt
00:00:47]} Kg7 {[%clk 01:11:21]} {[%emt 00:00:45]} 26. Rd7+ {[%clk 00:37:21]}
{[%emt 00:00:27]} Bf7 {[%clk 01:10:42]} {[%emt 00:01:09]} 27. Qb7 {[%clk
00:37:04]} {[%emt 00:00:47]} Rf8 {[%clk 01:10:58]} {[%emt 00:00:14]} 28. Rxf7+
{[%clk 00:37:29]} {[%emt 00:00:06]} Rxf7 {[%clk 01:11:23]} {[%emt 00:00:06]}
29. Qxa8 {[%clk 00:37:55]} {[%emt 00:00:03]} 1-0

[Event "DVM U16 2021"]
[Site "Kiel GER"]
[Date "2022.07.23"]
[Round "2"]
[White "Troßmann, Max"]
[Black "Franzky, Julian"]
[Result "1/2-1/2"]
[Termination "normal"]
[Board "6.3"]
[WhiteElo "1785"]
[BlackElo "1382"]
[WhiteClock "00:39:51"]
[BlackClock "00:51:12"]
[WhiteTeam "SC Ansbach 1855 e.V."]
[BlackTeam "TV Tegernsee"]
[PlyCount "60"]
[WhiteFideId "16292634"]
[BlackFideId "16291603"]
[EventCountry "GER"]
[EventRounds "7"]
[EventType "team-swiss"]
[EventDate "2022.07.22"]

1. e4 {[%clk 01:30:58]} {[%emt 00:00:01]} e5 {[%clk 01:31:00]} {[%emt
00:00:01]} 2. Nc3 {[%clk 01:31:20]} {[%emt 00:00:07]} Nc6 {[%clk 01:31:21]}
{[%emt 00:00:09]} 3. Nf3 {[%clk 01:31:45]} {[%emt 00:00:06]} Bc5 {[%clk
01:31:02]} {[%emt 00:00:49]} 4. Nxe5 {[%clk 01:30:42]} {[%emt 00:01:32]} Nxe5
{[%clk 01:31:23]} {[%emt 00:00:09]} 5. d4 {[%clk 01:30:56]} {[%emt 00:00:16]}
Bd6 {[%clk 01:31:28]} {[%emt 00:00:25]} 6. dxe5 {[%clk 01:30:56]} {[%emt
00:00:30]} Bxe5 {[%clk 01:31:50]} {[%emt 00:00:09]} 7. Ne2 {[%clk 01:30:26]}
{[%emt 00:00:59]} d6 {[%clk 01:29:46]} {[%emt 00:02:34]} 8. c3 {[%clk
01:29:26]} {[%emt 00:01:30]} Ne7 {[%clk 01:29:42]} {[%emt 00:00:34]} 9. Be3
{[%clk 01:28:28]} {[%emt 00:01:27]} Nc6 {[%clk 01:28:54]} {[%emt 00:01:19]} 10.
Nd4 {[%clk 01:27:55]} {[%emt 00:01:03]} Bd7 {[%clk 01:27:29]} {[%emt 00:01:55]}
11. Be2 {[%clk 01:27:55]} {[%emt 00:00:30]} O-O {[%clk 01:27:30]} {[%emt
00:00:29]} 12. f3 {[%clk 01:27:40]} {[%emt 00:00:44]} Ne7 {[%clk 01:27:22]}
{[%emt 00:00:40]} 13. O-O {[%clk 01:26:08]} {[%emt 00:02:01]} f5 {[%clk
01:27:23]} {[%emt 00:00:30]} 14. Rb1 {[%clk 01:21:11]} {[%emt 00:05:27]} fxe4
{[%clk 01:26:11]} {[%emt 00:01:41]} 15. Qb3+ {[%clk 01:20:58]} {[%emt
00:00:43]} Kh8 {[%clk 01:26:21]} {[%emt 00:00:20]} 16. fxe4 {[%clk 01:17:44]}
{[%emt 00:03:44]} b6 {[%clk 01:17:20]} {[%emt 00:09:32]} 17. Rxf8+ {[%clk
01:15:27]} {[%emt 00:02:46]} Qxf8 {[%clk 01:16:45]} {[%emt 00:01:04]} 18. Rf1
{[%clk 01:15:42]} {[%emt 00:00:16]} Qc8 {[%clk 01:13:25]} {[%emt 00:03:49]} 19.
Nf3 {[%clk 01:07:47]} {[%emt 00:08:26]} Bf6 {[%clk 01:11:00]} {[%emt 00:02:56]}
20. Bd4 {[%clk 01:04:21]} {[%emt 00:03:56]} Be6 {[%clk 01:09:46]} {[%emt
00:01:42]} 21. Bc4 {[%clk 01:04:29]} {[%emt 00:00:22]} Bxc4 {[%clk 01:09:39]}
{[%emt 00:00:38]} 22. Qxc4 {[%clk 01:04:48]} {[%emt 00:00:10]} Ng8 {[%clk
01:09:03]} {[%emt 00:01:07]} 23. e5 {[%clk 00:58:32]} {[%emt 00:06:45]} Be7
{[%clk 01:04:16]} {[%emt 00:05:17]} 24. e6 {[%clk 00:57:02]} {[%emt 00:02:01]}
c5 {[%clk 01:03:17]} {[%emt 00:01:30]} 25. Bf2 {[%clk 00:53:53]} {[%emt
00:03:38]} Nf6 {[%clk 01:02:48]} {[%emt 00:01:00]} 26. Ng5 {[%clk 00:51:18]}
{[%emt 00:03:05]} d5 {[%clk 01:01:13]} {[%emt 00:02:02]} 27. Qe2 {[%clk
00:49:54]} {[%emt 00:01:56]} Qc6 {[%clk 00:56:58]} {[%emt 00:04:45]} 28. Re1
{[%clk 00:48:18]} {[%emt 00:02:05]} h6 {[%clk 00:53:22]} {[%emt 00:04:07]} 29.
Nh3 {[%clk 00:40:47]} {[%emt 00:08:01]} Ne4 {[%clk 00:51:37]} {[%emt 00:02:14]}
30. c4 {[%clk 00:39:51]} {[%emt 00:01:26]} Nxf2 {[%clk 00:51:12]} {[%emt
00:00:55]} 1/2-1/2

[Event "DVM U16 2021"]
[Site "Kiel GER"]
[Date "2022.07.23"]
[Round "2"]
[White "Ginschel, Leonhard"]
[Black "Stark, Amalia"]
[Result "1/2-1/2"]
[Termination "normal"]
[Board "6.4"]
[WhiteElo "1273"]
[BlackElo "1365"]
[WhiteClock "00:39:54"]
[BlackClock "00:54:43"]
[WhiteTeam "TV Tegernsee"]
[BlackTeam "SC Ansbach 1855 e.V."]
[PlyCount "64"]
[WhiteFideId "16290917"]
[BlackFideId "16230132"]
[EventCountry "GER"]
[EventRounds "7"]
[EventType "team-swiss"]
[EventDate "2022.07.22"]

1. e4 {[%clk 01:30:59]} e5 {[%clk 01:30:58]} {[%emt 00:00:03]} 2. Nf3 {[%clk
01:31:26]} {[%emt 00:00:02]} Nf6 {[%clk 01:31:20]} {[%emt 00:00:07]} 3. Nxe5
{[%clk 01:31:51]} {[%emt 00:00:05]} Nc6 {[%clk 01:31:45]} {[%emt 00:00:05]} 4.
Nxc6 {[%clk 01:32:15]} {[%emt 00:00:07]} dxc6 {[%clk 01:31:54]} {[%emt
00:00:21]} 5. d3 {[%clk 01:32:39]} {[%emt 00:00:07]} Bc5 {[%clk 01:32:05]}
{[%emt 00:00:18]} 6. Be2 {[%clk 01:33:04]} {[%emt 00:00:05]} h5 {[%clk
01:32:05]} {[%emt 00:00:30]} 7. h3 {[%clk 01:31:49]} {[%emt 00:01:45]} Bd7
{[%clk 01:29:26]} {[%emt 00:03:09]} 8. Nc3 {[%clk 01:27:49]} {[%emt 00:04:30]}
Nh7 {[%clk 01:23:14]} {[%emt 00:06:41]} 9. Bf3 {[%clk 01:24:03]} {[%emt
00:04:17]} Qf6 {[%clk 01:21:40]} {[%emt 00:02:04]} 10. Qe2 {[%clk 01:20:22]}
{[%emt 00:04:11]} O-O-O {[%clk 01:17:05]} {[%emt 00:05:06]} 11. Be3 {[%clk
01:14:53]} {[%emt 00:05:58]} Bb4 {[%clk 01:16:05]} {[%emt 00:01:29]} 12. Bd2
{[%clk 01:14:51]} {[%emt 00:00:32]} Ng5 {[%clk 01:16:13]} {[%emt 00:00:23]} 13.
O-O-O {[%clk 01:08:30]} {[%emt 00:06:50]} Nxf3 {[%clk 01:15:40]} {[%emt
00:01:03]} 14. Qxf3 {[%clk 01:08:52]} {[%emt 00:00:09]} Qxf3 {[%clk 01:14:57]}
{[%emt 00:01:14]} 15. gxf3 {[%clk 01:09:16]} {[%emt 00:00:06]} Rhe8 {[%clk
01:12:58]} {[%emt 00:02:28]} 16. a3 {[%clk 01:08:46]} {[%emt 00:00:59]} Ba5
{[%clk 01:12:54]} {[%emt 00:00:34]} 17. Rdg1 {[%clk 01:06:51]} {[%emt
00:02:25]} Rg8 {[%clk 01:12:59]} {[%emt 00:00:27]} 18. Nd1 {[%clk 01:04:29]}
{[%emt 00:02:51]} Bxd2+ {[%clk 01:11:24]} {[%emt 00:02:04]} 19. Kxd2 {[%clk
01:04:50]} {[%emt 00:00:09]} g5 {[%clk 01:09:53]} {[%emt 00:02:01]} 20. h4
{[%clk 01:02:01]} {[%emt 00:03:19]} g4 {[%clk 01:09:49]} {[%emt 00:00:34]} 21.
fxg4 {[%clk 00:59:51]} {[%emt 00:02:41]} Bxg4 {[%clk 01:10:02]} {[%emt
00:00:17]} 22. Rg3 {[%clk 00:59:09]} {[%emt 00:01:13]} Be6 {[%clk 01:08:55]}
{[%emt 00:01:36]} 23. Rhg1 {[%clk 00:58:27]} {[%emt 00:01:12]} Rxg3 {[%clk
01:02:52]} {[%emt 00:06:33]} 24. Rxg3 {[%clk 00:58:41]} {[%emt 00:00:16]} c5
{[%clk 01:02:22]} {[%emt 00:01:00]} 25. c3 {[%clk 00:57:31]} {[%emt 00:01:40]}
f5 {[%clk 01:01:30]} {[%emt 00:01:21]} 26. Rg6 {[%clk 00:48:23]} {[%emt
00:09:39]} Bc4 {[%clk 01:01:06]} {[%emt 00:00:53]} 27. exf5 {[%clk 00:46:11]}
{[%emt 00:02:43]} Bxd3 {[%clk 01:01:22]} {[%emt 00:00:14]} 28. Rg5 {[%clk
00:44:44]} {[%emt 00:01:57]} Bxf5+ {[%clk 01:01:14]} {[%emt 00:00:38]} 29. Ke1
{[%clk 00:42:58]} {[%emt 00:02:16]} Bg4 {[%clk 01:00:50]} {[%emt 00:00:53]} 30.
Ne3 {[%clk 00:43:18]} {[%emt 00:00:10]} Re8 {[%clk 00:58:07]} {[%emt 00:03:13]}
31. Kd2 {[%clk 00:40:52]} {[%emt 00:02:57]} Rd8+ {[%clk 00:55:46]} {[%emt
00:02:51]} 32. Kc2 {[%clk 00:39:54]} {[%emt 00:01:28]} Rf8 {[%clk 00:54:43]}
{[%emt 00:01:33]} 1/2-1/2

[Event "DVM U16 2021"]
[Site "Kiel GER"]
[Date "2022.07.23"]
[Round "2"]
[White "Schreidl, Michael"]
[Black "Müller, Magnus"]
[Result "0-1"]
[Termination "normal"]
[Board "7.1"]
[WhiteElo "1616"]
[BlackElo "2021"]
[WhiteClock "00:01:21"]
[BlackClock "00:12:40"]
[WhiteTeam "SK Frankenthal"]
[BlackTeam "ESV Gera"]
[PlyCount "70"]
[WhiteFideId "16265750"]
[BlackFideId "16230060"]
[EventCountry "GER"]
[EventRounds "7"]
[EventType "team-swiss"]
[EventDate "2022.07.22"]

1. e4 {[%clk 01:30:58]} {[%emt 00:00:01]} c6 {[%clk 01:30:24]} {[%emt
00:00:36]} 2. d4 {[%clk 01:31:23]} {[%emt 00:00:05]} d5 {[%clk 01:30:50]}
{[%emt 00:00:04]} 3. Nc3 {[%clk 01:31:41]} {[%emt 00:00:13]} dxe4 {[%clk
01:31:15]} {[%emt 00:00:05]} 4. Nxe4 {[%clk 01:32:05]} {[%emt 00:00:06]} Nf6
{[%clk 01:31:37]} {[%emt 00:00:07]} 5. Nxf6+ {[%clk 01:31:05]} {[%emt
00:01:30]} exf6 {[%clk 01:32:02]} {[%emt 00:00:05]} 6. Nf3 {[%clk 01:31:14]}
{[%emt 00:00:21]} Bd6 {[%clk 01:32:28]} {[%emt 00:00:04]} 7. Bd3 {[%clk
01:30:45]} {[%emt 00:00:59]} O-O {[%clk 01:32:52]} {[%emt 00:00:06]} 8. O-O
{[%clk 01:29:53]} {[%emt 00:01:22]} Bg4 {[%clk 01:30:28]} {[%emt 00:02:54]} 9.
Re1 {[%clk 01:28:14]} {[%emt 00:02:09]} Nd7 {[%clk 01:30:51]} {[%emt 00:00:06]}
10. Re4 {[%clk 01:19:41]} {[%emt 00:09:04]} f5 {[%clk 01:28:25]} {[%emt
00:02:56]} 11. Re1 {[%clk 01:19:52]} {[%emt 00:00:19]} Qf6 {[%clk 01:28:07]}
{[%emt 00:00:48]} 12. h3 {[%clk 01:09:03]} {[%emt 00:11:19]} Bh5 {[%clk
01:28:14]} {[%emt 00:00:23]} 13. Be2 {[%clk 01:03:23]} {[%emt 00:06:11]} Rfe8
{[%clk 01:14:40]} {[%emt 00:14:04]} 14. Bg5 {[%clk 00:53:39]} {[%emt 00:10:14]}
Qg6 {[%clk 01:09:20]} {[%emt 00:05:51]} 15. Bd2 {[%clk 00:50:39]} {[%emt
00:03:29]} h6 {[%clk 00:55:53]} {[%emt 00:13:57]} 16. c3 {[%clk 00:44:50]}
{[%emt 00:06:19]} Qf6 {[%clk 00:54:21]} {[%emt 00:02:02]} 17. Nh2 {[%clk
00:37:33]} {[%emt 00:07:47]} Bxe2 {[%clk 00:52:55]} {[%emt 00:01:56]} 18. Rxe2
{[%clk 00:37:57]} {[%emt 00:00:06]} c5 {[%clk 00:42:26]} {[%emt 00:10:59]} 19.
Rxe8+ {[%clk 00:32:47]} {[%emt 00:05:40]} Rxe8 {[%clk 00:41:47]} {[%emt
00:01:09]} 20. Nf3 {[%clk 00:33:02]} {[%emt 00:00:15]} cxd4 {[%clk 00:41:02]}
{[%emt 00:01:14]} 21. Nxd4 {[%clk 00:33:20]} {[%emt 00:00:13]} Bc5 {[%clk
00:38:09]} {[%emt 00:03:23]} 22. Qa4 {[%clk 00:24:29]} {[%emt 00:09:19]} Re7
{[%clk 00:31:35]} {[%emt 00:07:06]} 23. Re1 {[%clk 00:20:27]} {[%emt 00:04:26]}
Ne5 {[%clk 00:24:01]} {[%emt 00:08:10]} 24. Qb5 {[%clk 00:14:13]} {[%emt
00:06:44]} Bb6 {[%clk 00:19:29]} {[%emt 00:05:02]} 25. f4 {[%clk 00:08:30]}
{[%emt 00:06:13]} Nc6 {[%clk 00:18:41]} {[%emt 00:01:17]} 26. Rxe7 {[%clk
00:07:41]} {[%emt 00:01:20]} Qxe7 {[%clk 00:17:54]} {[%emt 00:01:18]} 27. Qd5
{[%clk 00:05:48]} {[%emt 00:02:21]} Qe2 {[%clk 00:13:28]} {[%emt 00:04:57]} 28.
Bc1 {[%clk 00:03:01]} {[%emt 00:03:16]} Qe1+ {[%clk 00:12:23]} {[%emt
00:01:35]} 29. Kh2 {[%clk 00:03:25]} {[%emt 00:00:06]} Qxc1 {[%clk 00:12:13]}
{[%emt 00:00:40]} 30. Ne2 {[%clk 00:00:32]} {[%emt 00:03:23]} Qe3 {[%clk
00:12:15]} {[%emt 00:00:28]} 31. Qf3 {[%clk 00:00:39]} {[%emt 00:00:25]} Qd2
{[%clk 00:12:11]} {[%emt 00:00:34]} 32. b4 {[%clk 00:00:37]} {[%emt 00:00:31]}
Qxa2 {[%clk 00:12:16]} {[%emt 00:00:24]} 33. b5 {[%clk 00:00:43]} {[%emt
00:00:24]} Ne7 {[%clk 00:12:27]} {[%emt 00:00:20]} 34. Ng3 {[%clk 00:01:00]}
{[%emt 00:00:12]} Qb1 {[%clk 00:12:29]} {[%emt 00:00:28]} 35. Nf1 {[%clk
00:01:21]} {[%emt 00:00:10]} Qxb5 {[%clk 00:12:40]} {[%emt 00:00:19]} 0-1

[Event "DVM U16 2021"]
[Site "Kiel GER"]
[Date "2022.07.23"]
[Round "2"]
[White "Schubert, Nikita"]
[Black "Morgenthaler, Nick"]
[Result "1-0"]
[Termination "normal"]
[Board "7.2"]
[WhiteElo "1949"]
[BlackElo "1149"]
[WhiteClock "00:29:11"]
[BlackClock "00:14:08"]
[WhiteTeam "ESV Gera"]
[BlackTeam "SK Frankenthal"]
[PlyCount "81"]
[WhiteFideId "16212339"]
[BlackFideId "16286138"]
[EventCountry "GER"]
[EventRounds "7"]
[EventType "team-swiss"]
[EventDate "2022.07.22"]

1. d4 {[%clk 01:30:58]} {[%emt 00:00:02]} d5 {[%clk 01:30:45]} {[%emt
00:00:15]} 2. c4 {[%clk 01:31:20]} {[%emt 00:00:08]} e6 {[%clk 01:30:46]}
{[%emt 00:00:29]} 3. Nf3 {[%clk 01:31:42]} {[%emt 00:00:08]} Nf6 {[%clk
01:30:36]} {[%emt 00:00:41]} 4. g3 {[%clk 01:32:01]} {[%emt 00:00:10]} dxc4
{[%clk 01:28:30]} {[%emt 00:02:36]} 5. Bg2 {[%clk 01:32:09]} {[%emt 00:00:21]}
c5 {[%clk 01:28:38]} {[%emt 00:00:23]} 6. O-O {[%clk 01:23:08]} {[%emt
00:09:31]} Nc6 {[%clk 01:28:08]} {[%emt 00:01:00]} 7. dxc5 {[%clk 01:15:56]}
{[%emt 00:07:42]} Qxd1 {[%clk 01:28:30]} {[%emt 00:00:07]} 8. Rxd1 {[%clk
01:16:23]} {[%emt 00:00:03]} Bxc5 {[%clk 01:28:53]} {[%emt 00:00:08]} 9. Nbd2
{[%clk 01:11:25]} {[%emt 00:05:27]} c3 {[%clk 01:29:17]} {[%emt 00:00:07]} 10.
bxc3 {[%clk 01:10:49]} {[%emt 00:01:05]} O-O {[%clk 01:28:54]} {[%emt
00:00:53]} 11. Nb3 {[%clk 00:58:42]} {[%emt 00:12:38]} Be7 {[%clk 01:27:22]}
{[%emt 00:02:01]} 12. Bb2 {[%clk 00:45:31]} {[%emt 00:13:40]} e5 {[%clk
01:24:49]} {[%emt 00:03:04]} 13. c4 {[%clk 00:40:33]} {[%emt 00:05:29]} e4
{[%clk 01:21:41]} {[%emt 00:03:38]} 14. Nfd4 {[%clk 00:37:16]} {[%emt
00:03:46]} Nxd4 {[%clk 01:17:54]} {[%emt 00:04:17]} 15. Bxd4 {[%clk 00:34:14]}
{[%emt 00:03:32]} Bf5 {[%clk 01:16:24]} {[%emt 00:02:00]} 16. e3 {[%clk
00:26:23]} {[%emt 00:08:21]} b6 {[%clk 01:13:55]} {[%emt 00:03:00]} 17. Rac1
{[%clk 00:21:57]} {[%emt 00:04:55]} Rac8 {[%clk 01:03:25]} {[%emt 00:10:59]}
18. c5 {[%clk 00:19:20]} {[%emt 00:03:08]} bxc5 {[%clk 01:01:04]} {[%emt
00:02:51]} 19. Nxc5 {[%clk 00:19:27]} {[%emt 00:00:22]} Bg4 {[%clk 00:51:57]}
{[%emt 00:09:37]} 20. Re1 {[%clk 00:17:49]} {[%emt 00:02:08]} Bf5 {[%clk
00:45:13]} {[%emt 00:07:15]} 21. Bf1 {[%clk 00:10:59]} {[%emt 00:07:20]} Nd7
{[%clk 00:42:22]} {[%emt 00:03:21]} 22. Nxd7 {[%clk 00:08:47]} {[%emt
00:02:42]} Bxd7 {[%clk 00:42:13]} {[%emt 00:00:39]} 23. Ba6 {[%clk 00:07:33]}
{[%emt 00:01:44]} Rxc1 {[%clk 00:40:38]} {[%emt 00:02:06]} 24. Rxc1 {[%clk
00:08:02]} {[%emt 00:00:01]} Bd6 {[%clk 00:37:04]} {[%emt 00:04:03]} 25. Bb7
{[%clk 00:07:43]} {[%emt 00:00:48]} Be6 {[%clk 00:32:24]} {[%emt 00:05:11]} 26.
a4 {[%clk 00:07:12]} {[%emt 00:01:01]} a5 {[%clk 00:32:24]} {[%emt 00:00:30]}
27. Bxe4 {[%clk 00:05:37]} {[%emt 00:02:05]} Bb3 {[%clk 00:32:19]} {[%emt
00:00:34]} 28. Bc6 {[%clk 00:03:28]} {[%emt 00:02:40]} Bb4 {[%clk 00:29:30]}
{[%emt 00:03:19]} 29. Bb5 {[%clk 00:03:33]} {[%emt 00:00:24]} h6 {[%clk
00:27:04]} {[%emt 00:02:57]} 30. Kf1 {[%clk 00:03:53]} {[%emt 00:00:10]} Bd5
{[%clk 00:25:25]} {[%emt 00:02:09]} 31. Ke2 {[%clk 00:04:06]} {[%emt 00:00:17]}
Rd8 {[%clk 00:23:14]} {[%emt 00:02:42]} 32. f3 {[%clk 00:03:41]} {[%emt
00:00:54]} f6 {[%clk 00:22:46]} {[%emt 00:00:58]} 33. Bc4 {[%clk 00:01:21]}
{[%emt 00:02:49]} Kf7 {[%clk 00:22:47]} {[%emt 00:00:30]} 34. Bxd5+ {[%clk
00:01:37]} {[%emt 00:00:14]} Rxd5 {[%clk 00:23:11]} {[%emt 00:00:06]} 35. Rc7+
{[%clk 00:02:00]} {[%emt 00:00:07]} Kf8 {[%clk 00:21:53]} {[%emt 00:01:48]} 36.
Kd3 {[%clk 00:01:00]} {[%emt 00:01:30]} Rh5 {[%clk 00:21:59]} {[%emt 00:00:24]}
37. Rc2 {[%clk 00:00:57]} {[%emt 00:00:32]} Ke7 {[%clk 00:22:04]} {[%emt
00:00:26]} 38. e4 {[%clk 00:00:36]} {[%emt 00:00:51]} Kd6 {[%clk 00:19:09]}
{[%emt 00:03:25]} 39. f4 {[%clk 00:00:38]} {[%emt 00:00:28]} Kd7 {[%clk
00:16:33]} {[%emt 00:03:06]} 40. Ke3 {[%clk 00:00:35]} {[%emt 00:00:33]} Bd6
{[%clk 00:14:08]} {[%emt 00:02:55]} 41. Kf3 {[%clk 00:29:11]} {[%emt 00:01:53]}
1-0